000 00676nam a2200217 i 4500
001 bgj
100 1 _aSWAN, Michael
_d(1936- )
245 1 0 _aHow English works :
_ba grammar practice book : with answers /
_cMichael Swan ; Catherine Walter.
250 _a[11th impres.].
260 _aOxford :
_bOxford University Press,
_c2002.
300 _a358 pp :
_bill. ;
_c25 cm.
505 _aIncludes index.
650 9 _aEnglish language
_xTextbooks for foreign speakers
700 1 _aWALTER, Catherine
_d(1946- ).
_eco-author
020 _a0194314561
040 _cBPK
041 _aeng
920 _a0-19-431456-1
942 _cKS
008 s uk f |000 0 eng
999 _c48574
_d48574
856 _uhttp://koha.tu.koszalin.pl/cgi-bin/koha/opac-detail.pl?biblionumber=48574
_yKatalog online BPK